000 00542nam a22001937a 4500
003 OSt
005 20140310182035.0
008 130815t xxu||||| |||| 00| 0 eng d
020 _a0256138354
050 _aPE 1112
_b.C266 1993
082 _aHS 372.623
_bC18 1993
100 _aCardanha, Judith Mallegol
_910684
245 _aCareer writing skills /
_cJudith Mallegol Cardanha
260 _aBoston, MA :
_bIrwin Career Education,
_cc1993.
300 _a185 p. :
_c26 cm.
650 _aGrammar
_91590
942 _2lcc
_cHS
999 _c8675
_d8675